000
00265nam a22001217a 4500
041
_a
ENG
100
_a
Gupta .R.B
245
_a
Manufacturing Processes .III
260
_a
New Delhi
_b
Satya Prakashan
_c
1998
300
_a
107
650
_a
FMP
856
_u
FMP ( 04 )
999
_c
1436
_d
1436